| 000 | 00845nam a2200277 a 4500 | ||
|---|---|---|---|
| 008 | 951212s1977||||[C 0 slo c | ||
| 020 |
_c20 Kčs. _q(10000 výtl.) |
||
| 040 |
_aSNK _bslo _cSNK _eAACR2 |
||
| 041 | 1 |
_aslo _hcze |
|
| 080 | _a885.0-3:92 | ||
| 080 | _a92 | ||
| 080 | _a92 Malířová, Helena | ||
| 100 | 1 |
_aMALÍŘOVÁ, Helena _4aut |
|
| 245 | 1 | 0 |
_aDesať životov _cHelena MALÍŘOVÁ ; Helena Malířová, Daniel Šulc, Milan Pišút, Jan Meisner |
| 250 | _a1., vyd. | ||
| 260 |
_aBratislava _bPravda _c1977 _eBratislava _fPravda |
||
| 300 |
_a245 s., 13,65 AH _c21 cm |
||
| 490 | 0 | _aČlenská knižnica Pravda | |
| 500 | _aIlustr. na front. | ||
| 700 | 1 |
_aMalířová, Helena _4aut |
|
| 700 | 1 |
_aŠulc, Daniel _4trl |
|
| 700 | 1 |
_aPišút, Milan _4[ADC] |
|
| 700 | 1 |
_aMeisner, Jan _4bkd |
|
| 044 |
_axo _cSK |
||
| 958 | _aA | ||
| 999 |
_c12344 _d12344 |
||